00552 2200193 4500001002100000005001700021006001900038008004100057020002200098035002500120041000700145082001400152090002000166100002400186245005400210260002500264300003600289650003300325INLIS00000000000407120140317112156.0a ||| | 180719| ||| | id  a978-979-543-963-9 a0010-031300000004071 aid0 a641.356 1 a641.356 1 TAN p0 aTim bina karya tani00aPedoman Bertanam Melon dan penanganan pasca panen aBandungbWileyc2009 aviii + 120 hlm ; 12,5 x 19,5 cm 0aTim bina karya tani -- Melon